00434nam a2200145Ia 450000500170000000800410001708200130005810000160007124500240008726000440011130000130015594200060016895200990017499900150027320250404071650.0240331s9999 xx 000 0 und d bSOLa894 aSolaikkili, 0aPaniyil moli eluthi aCoimbatorebVidiyal Pathippagamc1996  a107 p ., cL 001040708LaWERCLbWERCLcSSCd2024-03-31l0o 894.811 SOLp2252r2024-03-31w2024-03-31yL c4123d4123